Quizzes
Events
Quiz Creation
Community
Videos
Private Events
Remove Ads
Sign In
Join for FREE
Feedback
Dark Mode
Quiz Categories
Sports
Geography
Music
Movies
Television
Just For Fun
Miscellaneous
History
Literature
Language
Science
Gaming
Entertainment
Religion
Holiday
For Kids
Quiz Lab
Recent
Popular Today
Quiz Kudos Today
Editor Picks
Curator Picks
Quizzes by...
Day
Popularity
Type
Ratings
Length
Year
Community
Subscriptions
Recent Discussions
Orange Saloon
Badges
Playlists
Quests
Create
Leaderboards
Showdown
Live 5
Trivia Bingo
Activity
Puzzle Library
Sporcle Events
Private Events
Virtual Trivia
Globe League
Become a Host
Pub Owners
SporcleCon
Opinionation
Our Games
Videos
Blog
Mobile Apps
Partnerships
Remove Ads and Go Orange
Feedback
Literature
Harry Potter
A Song of Ice and Fire
The Hunger Games
Literary Character
Shakespeare
Book
Author
Novel
Poem
Young Adult
Children's Books
Play
Lord of the Rings
Literature
Harry Potter
A Song of Ice and Fire
The Hunger Games
Literary Character
Shakespeare
Book
Author
Novel
Poem
Young Adult
Children's Books
Play
Lord of the Rings
Random Quiz
Search Sporcle
×
Quiz Lab
Quiz Lab
Literature
Novel
Select answers by clicking on text or image buttons
Select answers by clicking on text or image buttons
Clickable
Best Score? Go Orange.
Japanese Literature Shooting Gallery Stats
Can you match the Japanese literary works to their authors?
By
Vasiliy
10m
55 Questions
261 Plays
261 Plays
261 Plays
Comments
Comments
Give Quiz Kudos
Give Quiz Kudos
-
- Ratings
hide this ad
Forced Order
Answers have to be entered in order
Answers have to be entered in order
Replay
Link that replays current quiz
Next Quiz
Link to next quiz in quiz playlist
You Got
0%
They Got
Avg Score
45%
Avg Friend Score
Upgrade to see
Score Distribution
Jump to the score distribution portion of the page
Score
0/55
Timer
10:00
0
Plays Today
% Correct
1Q84
83.1%
Kafka on the Shore
80.1%
Norwegian Wood
77%
Confessions of a Mask
76.2%
I Am a Cat
72%
The Wind-Up Bird Chronicle
69%
The Temple of the Golden Pavilion
67.4%
The Tale of the Genji
67.4%
Kokoro
66.7%
The Makioka Sisters
65.5%
A Wild Sheep Chase
64%
Snow Country
63.2%
Botchan
62.5%
The Sailor Who Fell from Grace with the Sea
61.3%
No Longer Human
60.9%
Sputnik Sweetheart
59%
Pinball, 1973
57.1%
The Dancing Girl of Izu
56.7%
Spring Snow
51.7%
After Dark
51%
The Temple of Dawn
50.6%
Thousand Cranes
50.2%
Some Prefer Nettles
49.8%
The Setting Sun
49.8%
The Decay of the Angel
49%
Diary of a Mad Old Man
47.5%
The Sound of the Mountain
45.2%
Sanshiro
44.8%
% Correct
Forbidden Colours
44.1%
The Master of Go
44.1%
The Old Capital
43.3%
Hear the Wind Sing
41.8%
Runaway Horses
41.4%
Black Rain
41%
A Cat, A Man and Two Women
39.1%
Palm-of-the-Hand Stories
38.3%
Quicksand
37.5%
Run, Melos!
37.5%
Arrowroot
36%
The Key
36%
The Changeling
35.6%
Thirst for Love
33.7%
Light and Darkness
27.2%
Kyoko's House
26.4%
Somersault
26.1%
The Reed Cutter
25.7%
The Three-Cornered World
25.3%
Darkness in Summer
21.8%
Until the Savior Gets Socked
21.1%
City of Flowers
20.3%
Into a Black Sun
18.8%
On the Great Day
18%
Tsugaru
13.4%
Vacillating
11.5%
Panic
11.1%
Quiz Playlist
Details
Report
Send in Message
Add To Playlist
Clickable:
Select answers by clicking on text or image buttons
Forced Order:
Answers have to be entered in order
Last Updated: Jun 26, 2017
Quiz Scoreboard
CHALLENGE
Sign Up to Join the Scoreboard
Show All
Scores
Hide
Comments
May contain spoilers
Recently Published
Popular People in 1961
by mucciniale
History
6m
1-10 Letter E Words III
by El_Dandy
Language
2m
One Thing in Common: World Cities II
by knightlancer
Geography
7m
More to Explore
Quiz From the Vault
Featured Blog Post
Where Did the Easter Bunny Come From?
hide this ad
You Might Also Like...
Tags
Author Quiz
Book Quiz
Novel Quiz
Japan
Shooting Gallery
Today's Top Quizzes in Literature
Browse Literature
hide this ad
Today's Top Quizzes in Novel
Browse Novel
Top Contributed Quizzes in Literature
1
Sneaky Slytherin Logic Puzzle
2
One Thing in Common: Literature
3
Get The Picture: Black or White Literature
4
Weasley Family Reunion: Logic Puzzle
5
One Thing in Common: Literature II
6
Harry Potter Neighbourly Logic Puzzle #5
7
Lily Potter Start to Finish
8
One Thing in Common: Literature 3
9
One Thing in Common: Books
10
ASOIAF Logic Puzzle [Difficult] [Read Note first!!]
Explore More
Trending Topics
Kpop
Harry Potter
Marvel
Disney
Anime
NBA
Crossword
WWE
Puzzle
NFL
Song
Soccer
Country
Pokémon
The Office
hide this ad
More By:
Vasiliy
Quiz
Plays
Rating
Category
Featured
Created
Ancient Rome by Numbers
523
2.75
History
Jun 12, 2012
Classic Britpop Albums
464
3.13
Music
Aug 2, 2010
Missing Word: Korean Movies
344
4.00
Movies
Mar 3, 2011
Classics of Japanese Literature
339
2.29
Literature
Jul 19, 2010
Japanese Literature Shooting Gallery
261
5.00
Literature
Aug 19, 2014
Go to Creator's Profile
Score Distribution
Quiz Creator Spotlight
Vasiliy
Follow
Send a Message
Quizzes Created
-
Created Quiz Play Count
-
More By This Creator
Popular Quizzes Today
1
Find the US States - No Outlines Minefield
2
Find the Countries of Europe - No Outlines Minefield
3
The Countries of the World
4
Popular People in 1961
5
1-10 Letter E Words III
6
Find the US States
7
One Thing in Common: World Cities II
8
US States
More Literature Quizzes
Sunday Crossword: 20th Century Novels
Editor's Pick
Trending Quizzes
Risky Map Clicking: Least Populous States A-Z
1-10 Letter F Words
1-10 Letter G Words
One Thing in Common: United Kingdom
Risky Map Clicking: Next State Alphabetically
Recently Updated
Leaping Animals
pecheneg
Reality TV Shows (A-Z)
bhenderson79
Rickey Henderson's Hall of Fame Teammates
pecheneg
Champions League XIs: Arsenal
pecheneg
Quick Pick: Celebrities in WWE's Hall of Fame
aduchscher
A-Z Keypad Blitz II
pecheneg
Multiple Oscar Actors
pecheneg
Mystery Phrase Blitz: Oscar 'Best Actors'
pecheneg
F. Scott Fitzgerald Novels
LTH
Pick 3 Villains
ddd62291
Trending Topics
Marvel
Disney
NBA
Crossword
Kpop
Anime
Harry Potter
Pokémon
Puzzle
WWE
The Office
Song
Soccer
Country
NFL
Your Account Isn't Verified!
In order to create a playlist on Sporcle, you need to verify the email address you used during registration. Go to your
Sporcle Settings
to finish the process.
Report this User
Report this user for behavior that violates our
Community Guidelines
.
Details:
Send Report
Go to the Sporcle.com Mobile Site →
Comments